01553nam a2200325Ia 4500001001200000003000800012006001900020007001500039008004100054010001700095020001500112040002100127035002000148050002600168110008600194245033200280260004900612300003100661500003400692504003000726533015200756650004100908650004500949650002000994655002901014700002401043710001701067856012601084999001701210ebr10063019CaPaEBRm u cr cn|||||||||811104s1981 dcudb sb f000 0 eng d z 81084469  z0309031966 aCaPaEBRcCaPaEBR a(OCoLC)4347718214aQH545.A3bN277 1981eb2 aNational Research Council (U.S.).bCommittee on the Atmosphere and the Biosphere.10aAtmosphere-biosphere interactionsh[electronic resource] :btoward a better understanding of the ecological consequences of fossil fuel combustion : a report /cprepared by the Committee on the Atmosphere and the Biosphere, Board on Agriculture and Renewable Resources, Commission on Natural Resources, National Rearch Council. aWashington :bNational Academy Press,c1981. axvi, 263 p. :bill., maps. aChairman: David W. Schindler. aBibliography: p. 187-231. aElectronic reproduction.bPalo Alto, Calif. :cebrary,d2009.nAvailable via World Wide Web.nAccess may be limited to ebrary affiliated libraries. 0aFossil fuelsxEnvironmental aspects. 0aCombustion gasesxEnvironmental aspects. 0aAirxPollution. 7aElectronic books.2local1 aSchindler, David W.2 aebrary, Inc.40uhttp://site.ebrary.com/lib/rucke/Doc?id=10063019zAn electronic book accessible through the World Wide Web; click to view c47617d47617